Vokály medzi obrazmi. /Blahová, Eva./ V rámci cyklu Nedeľné dopoludnia v galérii vystúpila sopranistka Eva Blahová

Bibliographic Details
Main Authors: (ab) (Author), Rapoš, Gabriel, 1917-1994 (Author)
Format: Article
Language:Slovak
Subjects:

MARC

LEADER 00000nab a2200000 a 4500
001 vtls000025228
003 SK-MaSNL
005 20260304013449.0
008 111103c1979 xo 0 slo
015 |a SNBRB19rr/mm-uuuuu 
035 |a CL0035322 
040 |a SNKBUCL  |b slo  |c SNKBUCL  |e AACR2 
041 0 |a slo 
044 |a xo  |c SK 
080 |a 78  |2 1981 
080 |a 92 Blahová, Eva  |2 1981 
100 1 |a (ab)  |4 aut  |9 841340 
245 1 0 |a Vokály medzi obrazmi. /Blahová, Eva./  |b V rámci cyklu Nedeľné dopoludnia v galérii vystúpila sopranistka Eva Blahová  |c (ab) ; Gabriel Rapoš 
600 1 7 |a Blahová, Eva,  |d 1944-  |2 snkbucl  |9 117475 
651 7 |a 5100  |2 snkbucl  |9 166206 
655 7 |a články z novín a časopisov  |2 snkbucl  |9 267496 
700 1 |a Rapoš, Gabriel,  |d 1917-1994  |4 aut  |9 110728 
773 0 |t Večerník  |g Roč. 24, č. 60 (26. 3. 1979), s. 5 
850 |a Slovenská národná knižnica v Martine  |a MTA001 
852 |a SNK  |b KIS3GCP 
958 |a RK 
992 |a RBX 
999 |c 2575928  |d 2577858